005490000a220009700045001000029000002450107000293000053001365000015001895200202002047730045004061 aEscobar S., Francisco J.10aDías y noches de cine en Cartagena : El 2 de marzo arranca el 47 Festival Internacional de Cine y TV aVol.0, núm.17 (Febrero, 2007), Páginas 28-29 aPeriodista aPresente y pasado de un festival que vivió sus años dorados a comienzos de los ochenta, tuvo un declive en los noventa, comenzó el nuevo siglo con una crisis y ahora promete una renovación.0 tArcadia / Andrés Felipe Solano, Editor